Estructura algebraíca III (Grupo finito) / Horacio Hernán O. (Registro nro. 5133)

Detalles MARC
000 -LEADER
fixed length control field 00569nam a22002171a 4500
001 - CONTROL NUMBER
control field 5133
003 - CONTROL NUMBER IDENTIFIER
control field OSt
005 - DATE AND TIME OF LATEST TRANSACTION
control field 20260204212002.0
008 - FIXED-LENGTH DATA ELEMENTS--GENERAL INFORMATION
fixed length control field 051110s1981||||ag ||||||b||||||||||spa||
020 ## - NUMERO DE LIBRO INTERNACIONAL NORMALIZADO
International Standard Book Number 0827012985
050 ## - LIBRARY OF CONGRESS CALL NUMBER
Classification number 512 H43e
100 ## - ASIENTO PRINCIPAL -- NOMBRE PERSONAL
Personal name Hernán O., Horacio
245 ## - TÍTULO PROPIAMENTE DICHO: SUBTÍTULO
Title Estructura algebraíca III (Grupo finito) / Horacio Hernán O.
250 ## - MENCIÓN DE EDICIÓN
Edition statement 2
264 ## - PRODUCTION, PUBLICATION, DISTRIBUTION, MANUFACTURE, AND COPYRIGHT NOTICE
Place of production, publication, distribution, manufacture Argentina : Editora Eva
300 ## - PHYSICAL DESCRIPTION
Extensión 138 p
490 ## - MENCIÓN DE SERIE
Series statement Serie matemática: Monografía No. 14
500 ## - GENERAL NOTE
General note Incluye indice y bibliografía.
650 ## - ASIENTO SECUNDARIO DE MATERIA -- TERMINO TEMÁTICO
Termino Temático Como Elemento de Entrada 1.AlgebraÌ
942 ## - ADDED ENTRY ELEMENTS (KOHA)
Source of classification or shelving scheme Dewey Decimal Classification
Koha item type Libros
Existencias
Withdrawn status Lost status Source of classification or shelving scheme Damaged status Not for loan Current library Date acquired Total Checkouts Full call number Barcode Date last seen Price effective from Koha item type
    Dewey Decimal Classification     Biblioteca UTECO 09/09/2019   512 H43E 009178 09/09/2019 09/09/2019 Libros
© 2021 Derechos Reservados UTECO - Teléfono: +1 809-585-2291 - Correo electrónico: biblioteca@uteco.edu.do​  
Código postal 43000 ​​
Dirección: Avenida Universitaria No. 100, 
Cotuí, Provincia Sánchez Ramírez, República Dominicana - RNC: 404-00059-6